Entry Nombre personal
001 - NÚMERO DE CONTROL
- campo de control: 89926
003 - IDENTIFICADOR DE NÚMERO DE CONTROL
- campo de control: OSt
005 - FECHA Y HORA DE LA ÚLTIMA TRANSACCIÓN
- campo de control: 20250730222736.0
008 - ELEMENTOS DE DATO DE LONGITUD-FIJA
- campo de control de longitud fija: 050906 n acnnnaaan n ann d
040 ## - FUENTE DE CATALOGACIÓN
- Centro catalogador/agencia de origen: OSt
- Centro/agencia transcriptor: OSt
100 0# - ENCABEZAMIENTO-NOMBRE DE PERSONA
- Nombre de persona: Pedro
- Numeración: II,
- Títulos y otros términos asociados al nombre: Príncipe de Montenegro,
- Fechas asociadas al nombre: 1813-1851
400 1# - TRAZADO DE VÉASE--NOMBRE DE PERSONA
- Nombre de persona: Negosh, Pedro Petrovich,
- Fechas asociadas al nombre: 1813-1851
400 1# - TRAZADO DE VÉASE--NOMBRE DE PERSONA
- Nombre de persona: Njegos, P. P.,
- Fechas asociadas al nombre: 1813-1851
400 1# - TRAZADO DE VÉASE--NOMBRE DE PERSONA
- Nombre de persona: Njegos, Petar Petrovich,
- Fechas asociadas al nombre: 1813-1851
400 0# - TRAZADO DE VÉASE--NOMBRE DE PERSONA
- Nombre de persona: Pedro
- Numeración: II,
- Títulos y otros términos asociados al nombre: Príncipe-Obispo de Montenegro,
- Fechas asociadas al nombre: 1813-1851
